Historia Mazur

Titel: Historia Mazur : przyczynek do dziejów krainy i kultury pruskiej / według źródeł drukowanych i rękopiśmiennych przedstawił M. Toeppen, przełożyła M. Szymańska-Jasińska, oprac. i wstępem poprz. G. Jasiński
Verfasser:
Beteiligt:
Ausgabe: Wyd. 2.
Veröffentlicht: Olsztyn : Borussia, 1998
Umfang: 520 S. : Tabellen
Format: Buch
Sprache: Sprache nicht angegeben
Schriftenreihe/
mehrbändiges Werk:
Biblioteka Borussii
Schlagworte:
ISBN: 839003803X
Buchumschlag
X
alg: 21694626
001A    $03019:19-10-09 
001B    $06055:16-02-26 $t18:35:45.000 
001C    $03019:19-10-09 $t20:00:21.000 
001D    $03019:19-10-09 
001U    $0utf8 
001X    $00 
002@    $0Aax 
003@    $0216946263 
004A    $083-900380-3-X 
007A    $0216946263 $aHEB 
007T    $0DPIds123/027340 
007T    $0Herd51687 
011@    $a1998 
021A    $aHistoria Mazur $dprzyczynek do dziejów krainy i kultury pruskiej $hwedług źródeł drukowanych i rękopiśmiennych przedstawił M. Toeppen, przełożyła M. Szymańska-Jasińska, oprac. i wstępem poprz. G. Jasiński 
022A/01 $aGeschichte Masurens. Ein Beitrag z. preussischen Landes- u. Kulturgeschichte... 
028A    $#Töppen, M. $#Töppen, Max Pollux $#Töppen, Max P. $#Toeppen, Max Pollux $#Toeppen, Max P. $#Toeppen, Max $#Toeppen, M. $D20220215 $Ecgwrk $7124603718 $8Töppen, Max$Z1822-1893 [Tp1] $9155254588 
028C    $BHrsg. $#Jasiński, Grzegorz Marian $D20231015 $Ecgwrk $7134128591 $8Jasiński, Grzegorz$Z1957- [Tp1] $9197656617 
032@    $aWyd. 2. 
033A    $pOlsztyn $nBorussia 
034D    $a520 S. 
034M    $aTabellen 
036G    $aBiblioteka Borussii 
044K    $#Mazury $D20251120 $Ecgmnf $74037914-0 $8Masuren [Tg1] $9085103527 
045F    $a907.2094382 $eDDC23BSB 
045F/01 $a907.2 
045F/03 $g4382 
045F/03 $g43832 

lok: 21694626 66

exp: 21694626 66 1 #EPN
201B/01 $019-10-09 $t20:00:22.000 
201U/01 $0utf8 
203@/01 $0583261213 
208@/01 $a15-10-09 $br 
209A/01 $aG Toe/Hi $du $f000 $x00 
209C/01 $a99/j2124Ars 
247C/01 $8618123-5 Darmstadt, Bibliothek des Deutschen Polen-Instituts $9102600902 

lok: 21694626 78

exp: 21694626 78 1 #EPN
201B/01 $010-09-18 $t22:47:38.000 
201U/01 $0utf8 
203@/01 $0792145097 
208@/01 $a12-11-16 $be 
209A/01 $a/ $f000 $x00 
220C/01 $aTitelaufnehmer: jk 
220C/01 $aHerkunft: UMK/BU Toruń 
237A/01 $aDt. Ausgabe: Geschichte Masurens. Ein Beitrag zur Geschichte der preußischen Landschaft und Kultur. Nach gedruckten und handschriftlichen Quellen vorgelegt von Max Toeppen, Direktor des Gymnasiums in Marienwerder, Danzig 1870. 1. Aufl. Olsztyn 1995. - Wydanie niemieckie: Geschichte Masurens. Ein Beitrag zur Geschichte der preußischen Landschaft und Kultur. Nach gedruckten und handschriftlichen Quellen vorgelegt von Max Toeppen, Direktor des Gymnasiums in Marienwerder, Danzig 1870. Wyd. 1, Olsztyn 1995 . - weiterführende Signatur(en): HI: 96.2689 
244Z/01 $2Trx $#Prusy Wschodnie i Zachodnie $8--Trx--Ost- und Westpreußen $x01 $939113373X 
244Z/01 $#Mazury $74037914-0 $8--Tg1--Masuren $x02 $9085103527 
244Z/01 $#Marienwerder $#Marienwerder $717863-9 $8--Tg1--Kwidzyn $x03 $9040284700 
244Z/01 $2Trx $8--Trx--Töppen, Max Pollus$Z1822-1893 $x04 $9390737208 
244Z/01 $2Trx $#kirjeldused regioonid, maad $#regionų ir kraštų istorija $#overview regions/countries $#ábrázolások, átfogó vidékek, országok $#regiony i kraje ogólnie $#dejiny, všeobecné prehľady regióny/krajiny $#dějiny, obecné přehledy regiony/země $#Regionalgeschichte $#Regionen $#Länder $#dejiny krajské $#dejiny regionálne $8--Trx--Darstellungen, übergreifende$gRegionen/Länder $x05 $9391373188 
245Z/01 $a13.02 $x01 
245Z/01 $a06.01 $x02 
247C/01 $82080>Marburg/Lahn, Herder-Institut, Forschungsbibliothek, Bibliographieportal $9336309341
LEADER 00000cam a22000002c 4500
001 216946263
003 DE-603
005 20260216183545.0
007 tu
008 091019s1998 xx |||| | u00||u|und c
020 |a 839003803X 
035 |a (DE-599)HEB216946263 
040 |a DE-603  |b ger  |c DE-603  |d DE-603 
041 |a und 
082 0 4 |8 1\u  |a 907.2094382  |q DE-101  |2 23/BSB 
085 |8 1\u  |b 907.2 
085 |8 1\u  |z 2  |s 4382 
085 |8 1\u  |z 2  |s 43832 
100 1 |a Töppen, Max  |d 1822-1893  |0 (DE-603)155254588  |0 (DE-588)124603718  |2 gnd 
245 0 0 |a Historia Mazur  |b przyczynek do dziejów krainy i kultury pruskiej  |c według źródeł drukowanych i rękopiśmiennych przedstawił M. Toeppen, przełożyła M. Szymańska-Jasińska, oprac. i wstępem poprz. G. Jasiński 
250 |a Wyd. 2. 
264 1 |a Olsztyn  |b Borussia  |c 1998 
300 |a 520 S.  |b Tabellen 
490 0 |a Biblioteka Borussii 
651 7 |a Masuren  |0 (DE-588)4037914-0  |0 (DE-603)085103527  |2 gnd 
700 1 |a Jasiński, Grzegorz  |d 1957-  |e Hrsg.  |4 edt  |0 (DE-603)197656617  |0 (DE-588)134128591  |2 gnd 
700 1 2 |a Töppen, Max  |d 1822-1893  |t Geschichte Masurens. Ein Beitrag z. preussischen Landes- u. Kulturgeschichte... 
924 0 |9 Ds 123  |a (DE-603)583261213  |b DE-Ds123  |c HES  |d d  |g G Toe/Hi 
924 0 |9 2080  |a (DE-603)792145097  |b DE-2080  |c HES  |d d  |g /